Tao jóga a sexuální energie jak přetváret tělo, mysl a ducha

Bibliographic Details
Main Author: Yudelove, Eric Steven, 1946- (ut)
Other Authors: Berger, Jiří (Translator)
Format: Book
Language:Czech
English
PhysicalDescription:276 strán ilustrácie 24 cm
Published: Bratislava Eugenika 2003
ISBN:8089115152
Edition:1. vyd.
Subjects:

MARC

LEADER 00000cam a2200000 a 4500
001 vtls001453446
003 SK-MaSNL
005 20260331204415.0
008 240226s2003 xo a grn 001 0 cze
015 |a SNBA2003/09-02940 
020 |a 8089115152  |q (brožované) 
035 |a SNK000408753 
035 |a urn:nbn:sk:snk-am3j113 
035 |a C6D5BBC5-ECD6-447C-9F07-B9BB8D1C8DE1 
035 |a urn:nbn:sk:snk-am00ghpe 
040 |a SNK  |b slo  |c SNK  |e AACR2 
041 1 |a cze  |h eng 
044 |a xo  |c SK 
072 7 |a 22/24  |x Náboženstvá Ďalekého východu. Indické náboženstvá. Hinduizmus. Budhizmus  |2 konspekt 
072 7 |a 613  |x Hygiena. Ľudské zdravie  |2 konspekt 
080 |a 221.3  |2 2001 
080 |a 243.2  |2 2001 
080 |a 613.88  |2 2011 
080 |a (0.062)  |2 2011 
100 1 |a Yudelove, Eric Steven,  |d 1946-  |4 ut  |9 639507 
240 1 0 |a Taoist yoga and sexual energy  |l Česky 
245 1 0 |a Tao jóga a sexuální energie  |b jak přetváret tělo, mysl a ducha  |c Eric Steven Yudelove ; [z anglického originálu Taoist yoga and sexual energy přeložil Jiří Berger] 
250 |a 1. vyd. 
260 |a Bratislava  |b Eugenika  |c 2003 
300 |a 276 strán  |b ilustrácie  |c 24 cm 
500 |a Ilustrácie na titulnej strane ; údaj o prekladateľovi prevzatý z tiráže 
504 |a Bibliografia na strane 265-267 ; obsahuje register 
650 0 7 |a taoizmus  |2 SNKPH  |9 1824 
650 0 7 |a tantrický budhizmus  |2 SNKPH  |9 67634 
650 0 7 |a sexualita  |2 SNKPH  |9 1946 
650 0 7 |a taoistická joga  |2 SNKPH  |9 262667 
655 7 |a populárno-náučné publikácie  |2 SNKPH  |9 70460 
700 1 |a Berger, Jiří  |4 trl  |9 285476 
919 |a 80-89115-15-2 
958 |a TL 
958 |a OP 
958 |a NB 
958 |a NT 
958 |a OND 
999 |c 987481  |d 989411 
952 |t P60, <04>, [BOOK], {604}  |a SNK  |b SNK  |y VYP  |7 0  |p 17A0384299  |o snkSC 111596 D1  |i snkKSP 6018/2003  |0 0  |1 0  |4 0  |d 2003-05-19  |l 0  |r 2005-01-02 00:00:00  |w 2026-02-24 
952 |t P60, <03>, [BOOK], {603}  |a SNK  |b SNK  |y PREZ  |7 0  |p 17A0384298  |o snkSC 111596  |i snkKSP 6017/2003  |0 0  |1 0  |4 0  |d 2003-05-19  |f 1  |l 0  |r 2025-10-01 00:00:00  |w 2026-02-24